ARRUPE JESUIT UNIVERSITY

CORONAVIRUS -STOP THE SPREAD - CLEAN,DISINFECT,COVER

Royal dukes, (Record no. 130316)

MARC details
000 -LEADER
fixed length control field 01123cam a22002891 4500
001 - CONTROL NUMBER
control field 5948562
003 - CONTROL NUMBER IDENTIFIER
control field ARRUPE
005 - DATE AND TIME OF LATEST TRANSACTION
control field 20200206100017.0
008 - FIXED-LENGTH DATA ELEMENTS--GENERAL INFORMATION
fixed length control field 750521s1933 enkcfj b 000 0deng
010 ## - LIBRARY OF CONGRESS CONTROL NUMBER
LC control number 33023938
035 ## - SYSTEM CONTROL NUMBER
System control number (OCoLC)1348659
040 ## - CATALOGING SOURCE
Original cataloging agency DLC
Transcribing agency FO
Modifying agency OCoLC
-- DLC
050 00 - LIBRARY OF CONGRESS CALL NUMBER
Classification number DA480
Item number .F8
082 ## - DEWEY DECIMAL CLASSIFICATION NUMBER
Classification number 929.7201
300 ## - PHYSICAL DESCRIPTION
Other physical details front., plates, ports.
Dimensions 23 cm.
100 1# - MAIN ENTRY--PERSONAL NAME
Personal name Fulford, Roger,
Dates associated with a name 1902-
9 (RLIN) 49408
245 10 - TITLE STATEMENT
Title Royal dukes,
Remainder of title the father and uncles of Queen Victoria,
Statement of responsibility, etc by Roger Fulford.
260 ## - PUBLICATION, DISTRIBUTION, ETC. (IMPRINT)
Place of publication, distribution, etc London,
Name of publisher, distributor, etc Duckworth
Date of publication, distribution, etc [1933]
300 ## - PHYSICAL DESCRIPTION
Extent 320 p. incl. geneal. tables.
500 ## - GENERAL NOTE
General note American edition (New York, G.P. Putnam's Sons) has title: The wicked uncles, the father of Queen Victoria and his brothers.
504 ## - BIBLIOGRAPHY, ETC. NOTE
Bibliography, etc "List of authorities": p. 312-317.
600 30 - SUBJECT ADDED ENTRY--PERSONAL NAME
Personal name Hanover, House of.
9 (RLIN) 49409
600 00 - SUBJECT ADDED ENTRY--PERSONAL NAME
Personal name Victoria,
Titles and other words associated with a name Queen of Great Britain,
Dates associated with a name 1819-1901
General subdivision Family.
9 (RLIN) 49112
650 #0 - SUBJECT ADDED ENTRY--TOPICAL TERM
Topical term or geographic name as entry element Nobility
Geographic subdivision Great Britain
Form subdivision Biography.
9 (RLIN) 48970
651 #0 - SUBJECT ADDED ENTRY--GEOGRAPHIC NAME
Geographic name Great Britain
General subdivision Court and courtiers
-- History
Chronological subdivision 19th century.
9 (RLIN) 49359
906 ## - LOCAL DATA ELEMENT F, LDF (RLIN)
a 7
b cbc
c oclcrpl
d u
e ncip
f 19
g y-gencatlg
942 ## - ADDED ENTRY ELEMENTS (KOHA)
Source of classification or shelving scheme Library of Congress Classification
Koha item type Monograph ( Printed materials)
Holdings
Withdrawn status Lost status Source of classification or shelving scheme Damaged status Not for loan Collection code Home library Current library Shelving location Date acquired Total Checkouts Full call number Barcode Date last seen Price effective from Koha item type
    Library of Congress Classification     Main Collection ARRUPE LIBRARY ARRUPE LIBRARY Main Collection 06/02/2020   DA480 .F8 46600006526 06/02/2020 06/02/2020 Monograph ( Printed materials)

 

Arrupe Library. PO Box MP320 Mt Pleasant, Harare, Zimbabwe
263 242 745411|librarian@aju.ac.zw